000 00293nam a22001337a 4500
008 181106b xxu||||| |||| 00| 0 eng d
020 _a0444007520
041 _aeng
080 _a159.9
100 _a48
101 _aPSI
245 _aThe Somatizing Disorders
_cFord,Ch.V
942 _2udc
_cBK
999 _c51978
_d51978